| 000 | 00937nam a2200229 a 4500 | ||
|---|---|---|---|
| 001 | 47584 | ||
| 003 | BD-RjUL | ||
| 005 | 20211209054340.0 | ||
| 008 | 160809s2002 bg ||||| |||| 00| 0 ben d | ||
| 020 | _c: Tk. 400.00 | ||
| 035 | _a(BD-RjUL)47703 | ||
| 040 |
_aBD-RjUL _bben _cBD-RjUL |
||
| 041 | _aben | ||
| 082 |
_223 _a891.4409 _bMOH 2002 |
||
| 245 | 0 | 0 |
_aমহান একুশের ৫০ বছর স্মারক গ্রন্থ : _bস্মারক গ্রন্থ / |
| 260 |
_aঢাকা : _bজাতীয় গ্রন্থকেন্দ্র, _c২০০২ |
||
| 300 |
_a৪৯৪ পৃ. ; _c২২ সেমি. |
||
| 650 |
_aবাংলা সাহিত্য _vইতিহাস ও সমালোচনা _9117445 |
||
| 650 |
_aBangla Literature _vHistory and Criticism _9135419 |
||
| 700 |
_aশফিক-উল-ইসলাম, মো :, সম্পাদক _9144624 |
||
| 942 |
_2ddc _cBK |
||
| 999 |
_c47584 _d47584 |
||